|
|
|
|
| LEADER |
00983nam a2200349 4500 |
| 001 |
DLU120136722 |
| 005 |
##20120619 |
| 040 |
# |
# |
|a DLU
|b vie
|
| 041 |
# |
# |
|a vie
|
| 044 |
# |
# |
|a vn
|
| 082 |
# |
# |
|a 923.1
|b BO-L
|
| 100 |
# |
# |
|a Borton, Lady.
|
| 245 |
# |
# |
|a Hồ Chí Minh một chân dung /
|c Lady Borton; C. David Thomas minh họa; Tạ Đức dịch.
|
| 260 |
# |
# |
|a H. :
|b Thanh niên,
|c 2003.
|
| 300 |
# |
# |
|a 139 tr. :
|b minh hoạ;
|c 24 cm.
|
| 504 |
# |
# |
|a Tài liệu tham khảo: tr.138.
|
| 600 |
# |
# |
|a Hồ Chí Minh,
|d 1890-1969.
|
| 650 |
# |
# |
|a Chủ tịch
|z Việt Nam
|v Tiểu sử.
|
| 651 |
# |
# |
|a Việt Nam
|x Chính trị và chính quyền
|y 1858-1945.
|
| 700 |
# |
# |
|a Tạ Đức,
|e dịch.
|
| 700 |
# |
# |
|a Thomas, C. David,
|e minh họa.
|
| 923 |
# |
# |
|a 01/2012DP
|
| 991 |
# |
# |
|a SH
|
| 992 |
# |
# |
|a 160000
|
| 994 |
# |
# |
|a KDP
|
| 900 |
# |
# |
|a True
|
| 911 |
# |
# |
|a Đào Thị Thu Huyền
|
| 925 |
# |
# |
|a G
|
| 926 |
# |
# |
|a A
|
| 927 |
# |
# |
|a SH
|
| 980 |
# |
# |
|a Thư viện Trường Đại học Đà Lạt
|